| 000 | 00532ntaaa2200205 4500 | ||
|---|---|---|---|
| 003 | 01 | ||
| 005 | 20251027202920.0 | ||
| 008 | 0714s1973 ag 01 | ||
| 040 |
_aAR-BaBN _bspa _cAR-BaBN _eaacr _dRIC |
||
| 082 | _a922.0000 Sm6 | ||
| 100 |
_aSmith, Josie de _916461 |
||
| 245 | _aEsperanza del mundo | ||
| 250 | _a1 ed. | ||
| 260 |
_aBuenos Aires : _bJunta Bautista de Publicaciones, _cc1958 |
||
| 300 | _a59 p | ||
| 650 |
_abiografĂas misioneras _928646 |
||
| 650 | _amisiones-Brasil | ||
| 650 | _aBrasil-misiones | ||
| 942 | _cBK | ||
| 999 |
_c24411 _d24411 |
||